[Event "XIV C.to Italiano U20"]
[Site "Bratto - Castione della Presolana ITA"]
[Date "2006.08.24"]
[Round "6"]
[White "Vocaturo, Daniele"]
[Black "Caruana, Fabiano"]
[Result "0-1"]
[WhiteElo "2410"]
[BlackElo "2444"]
[PlyCount "100"]
[EventDate "2006.08.19"]

1. d4 Nf6 2. Nf3 e6 3. Bf4 c5 4. e3 Nc6 5. c3 d5 6. Nbd2 Bd6 7. Bg3 O-O 8. Bd3
h6 9. Ne5 Bxe5 10. dxe5 Nd7 11. Qh5 Qe8 12. f4 f5 13. Qxe8 Rxe8 14. c4 Nf8 15.
Rc1 b6 16. Bf2 g6 17. Rg1 Kf7 18. a3 Bb7 19. Ke2 Rad8 20. g4 Ba6 21. gxf5 exf5
22. cxd5 Bxd3+ 23. Kxd3 Rxd5+ 24. Ke2 Na5 25. Be1 Ne6 26. b4 Nb7 27. Nf3 Red8
28. Nh4 Rg8 29. Bc3 c4 30. a4 a6 31. Rcd1 Rxd1 32. Kxd1 Nbd8 33. Kc2 Nc6 34.
Rd1 Rd8 35. Rg1 Ne7 36. a5 b5 37. Rg3 Rd3 38. Bd2 g5 39. fxg5 Nxg5 40. Be1 Ne4
41. Rh3 Ng5 42. Rg3 Ke6 43. Nf3 Nxf3 44. Rxf3 Nd5 45. Bd2 f4 46. Rh3 Nxe3+ 47.
Bxe3 fxe3 48. Rxh6+ Kxe5 49. Rxa6 e2 50. Ra8 Re3 0-1

[Event "XIV C.to Italiano U20"]
[Site "Bratto - Castione della Presolana ITA"]
[Date "2006.08.25"]
[Round "7"]
[White "Bonafede, Alessandro"]
[Black "Pomaro, Alberto"]
[Result "1/2-1/2"]
[WhiteElo "2175"]
[BlackElo "2046"]
[PlyCount "43"]
[EventDate "2006.08.19"]

1. e4 e6 2. d4 d5 3. e5 c5 4. c3 Nc6 5. Nf3 Qb6 6. a3 c4 7. Nbd2 Na5 8. h4 Bd7
9. g3 O-O-O 10. Bg2 Nh6 11. Rb1 Kb8 12. Nf1 f5 13. Bg5 Rc8 14. Ne3 Nf7 15. Bf4
Ka8 16. g4 fxg4 17. Nxg4 Be7 18. h5 Qd8 19. Qd2 h6 20. Ke2 Nb3 21. Qe3 Qg8 22.
Nd2 1/2-1/2

[Event "XIV C.to Italiano U20"]
[Site "Bratto - Castione della Presolana ITA"]
[Date "2006.08.25"]
[Round "7"]
[White "Boscolo, Marco"]
[Black "Stromboli, Carlo"]
[Result "1/2-1/2"]
[WhiteElo "2041"]
[BlackElo "2196"]
[PlyCount "94"]
[EventDate "2006.08.19"]

1. e4 e5 2. Nf3 Nc6 3. Bb5 a6 4. Ba4 Nf6 5. O-O b5 6. Bb3 Bc5 7. d3 h6 8. c3 d6
9. a4 Rb8 10. axb5 axb5 11. Nbd2 O-O 12. Re1 Nh5 13. d4 exd4 14. Nxd4 Ne5 15.
N2f3 Bg4 16. h3 Nxf3+ 17. Nxf3 Bxf3 18. Qxf3 Qf6 19. Qxf6 Nxf6 20. Bc2 Rfe8 21.
Bf4 Nd7 22. Kf1 b4 23. Ba4 Re7 24. Bxd7 Rxd7 25. Be3 bxc3 26. bxc3 Bxe3 27.
Rxe3 Kf8 28. Rd1 Ke7 29. Ke2 Rb5 30. f4 Rd8 31. Red3 Rdb8 32. Ke3 Ke6 33. R1d2
Ra8 34. Rc2 Ra3 35. Rd1 Rc5 36. Kd3 f5 37. Re1 Ra4 38. g3 Rac4 39. Re3 Kf6 40.
Rc1 g6 41. h4 h5 42. e5+ dxe5 43. Rxe5 Rc6 44. Re3 Ra4 45. Rce1 Ra3 46. Kd4
Ra4+ 47. Kd3 Ra3 1/2-1/2

[Event "XIV C.to Italiano U20"]
[Site "Bratto - Castione della Presolana ITA"]
[Date "2006.08.25"]
[Round "7"]
[White "Bosi, Clint"]
[Black "Mereu, Matteo"]
[Result "1/2-1/2"]
[WhiteElo "2050"]
[BlackElo "1497"]
[PlyCount "80"]
[EventDate "2006.08.19"]

1. e4 e5 2. Nf3 f5 3. d3 d6 4. Nc3 Nf6 5. Bd2 Nc6 6. Qe2 a5 7. g3 Be7 8. Bg2
O-O 9. O-O fxe4 10. Nxe4 Bg4 11. h3 Nd4 12. Qd1 Nxe4 13. hxg4 Nxf3+ 14. Bxf3
Nxd2 15. Bd5+ Kh8 16. Qxd2 c6 17. Bg2 Qb6 18. Qe3 Qxe3 19. fxe3 Rxf1+ 20. Kxf1
Kg8 21. Ke2 Bf6 22. Rh1 h6 23. Rf1 Kf7 24. g5 hxg5 25. Rh1 Ke7 26. Bf3 c5 27.
Bxb7 Rb8 28. Bd5 Rxb2 29. Bb3 a4 30. Bxa4 Rxa2 31. Bb3 Ra8 32. Bd5 Rd8 33. Rb1
Rd7 34. Kf3 Rc7 35. Ke4 Ra7 36. Bc4 Rc7 37. Kd5 Kd7 38. Rb6 Be7 39. Bb5+ Kd8
40. Ke6 Ra7 1/2-1/2

[Event "XIV C.to Italiano U20"]
[Site "Bratto - Castione della Presolana ITA"]
[Date "2006.08.25"]
[Round "7"]
[White "Cantu', Guido"]
[Black "Regorda, Massimiliano"]
[Result "1-0"]
[WhiteElo "1842"]
[BlackElo "1882"]
[PlyCount "25"]
[EventDate "2006.08.19"]

1. e4 e5 2. Nf3 Nc6 3. d4 exd4 4. Nxd4 Bc5 5. Nxc6 bxc6 6. Bd3 Qf6 7. O-O Ne7
8. Nc3 O-O 9. Qh5 g5 10. e5 Qg7 11. Ne4 Bd4 12. Nf6+ Kh8 13. Bxh7 1-0

[Event "XIV C.to Italiano U20"]
[Site "Bratto - Castione della Presolana ITA"]
[Date "2006.08.25"]
[Round "7"]
[White "De Filomeno, Simone"]
[Black "Dini, Andrea"]
[Result "1/2-1/2"]
[WhiteElo "1687"]
[BlackElo "1930"]
[PlyCount "98"]
[EventDate "2006.08.19"]

1. e4 b6 2. d4 Bb7 3. Nc3 e6 4. Nf3 d6 5. Bf4 Nf6 6. Bd3 Be7 7. O-O O-O 8. h3
Nbd7 9. Re1 a6 10. Nb1 c5 11. c3 b5 12. Nbd2 Re8 13. Nf1 Bf8 14. Bd2 e5 15. d5
Nb6 16. g4 Bc8 17. Ng3 g6 18. Bc1 Ra7 19. Kg2 Rc7 20. Rh1 Be7 21. Qg1 Bf8 22.
Kf1 Bg7 23. Ke2 Nbxd5 24. exd5 e4 25. Nxe4 Nxe4 26. Bxe4 Rxe4+ 27. Be3 b4 28.
Qb1 f5 29. Qc2 bxc3 30. bxc3 Rce7 31. gxf5 Bxf5 32. Qb3 Bh6 33. Nd2 R4e5 34.
Nc4 Re4 35. Kd2 Bxe3+ 36. Nxe3 Bc8 37. Rab1 Qf8 38. Rhf1 Re8 39. Qd1 Qf4 40.
Kc2 a5 41. Qd2 Rf8 42. Rh1 Qf3 43. Rh2 Qf4 44. Ng4 Qf3 45. Ne3 Bf5 46. Kc1 Rfe8
47. Rb7 a4 48. Kb2 a3+ 49. Kxa3 49... Ra8+ {...} 1/2-1/2

[Event "XIV C.to Italiano U20"]
[Site "Bratto - Castione della Presolana ITA"]
[Date "2006.08.25"]
[Round "7"]
[White "De Nisi, Mario"]
[Black "Testa, Adriano"]
[Result "0-1"]
[WhiteElo "1974"]
[BlackElo "1729"]
[PlyCount "162"]
[EventDate "2006.08.19"]

1. c4 e6 2. Nc3 d5 3. cxd5 exd5 4. d4 c6 5. f3 Bd6 6. g3 Qe7 7. Bg2 f5 8. Nh3
h6 9. Nf4 Bxf4 10. Bxf4 Nf6 11. Qd3 Be6 12. O-O O-O 13. Rae1 Qd7 14. e4 fxe4
15. fxe4 dxe4 16. Nxe4 Nxe4 17. Bxe4 Na6 18. Be5 Bd5 19. Bh7+ Kh8 20. Qg6 Bg8
21. Bxg8 Kxg8 22. Rxf8+ Rxf8 23. Bd6 Qf7 24. Qxf7+ Rxf7 25. Re8+ Kh7 26. Re7
Rxe7 27. Bxe7 Kg6 28. Kf2 Kf7 29. Bd6 Ke6 30. Be5 g6 31. Bg7 h5 32. Kf3 Kf5 33.
h3 Nb4 34. g4+ hxg4+ 35. hxg4+ Ke6 36. a3 Nd5 37. Ke4 a6 38. g5 Nb6 39. b3 Nd5
40. Bf8 Nc3+ 41. Kd3 Nd5 42. Ke4 Nc7 43. Bb4 Ne8 44. Bd2 Nd6+ 45. Kd3 Kd5 46.
a4 Nf5 47. Bc3 Nh4 48. Bd2 Nf3 49. Be3 a5 50. Kc3 Ke4 51. Bf2 Nxg5 52. b4 Kd5
53. Kb3 Ne4 54. Be3 axb4 55. Kxb4 b6 56. a5 bxa5+ 57. Kxa5 Nd6 58. Kb4 Nf5 59.
Bf2 Nxd4 60. Kc3 Ne6 61. Kd3 c5 62. Bg3 Ng7 63. Bf4 Nf5 64. Bg5 c4+ 65. Kc3 Nd6
66. Be3 Ne4+ 67. Kc2 g5 68. Kd1 g4 69. Ke2 Nc3+ 70. Kd2 Ke4 71. Bg1 Nd5 72. Ke2
Kf4 73. Bf2 Nc3+ 74. Ke1 Kf3 75. Bd4 Ne4 76. Kf1 c3 77. Ke1 c2 78. Bb2 Nc5 79.
Kd2 c1=Q+ 80. Bxc1 Nb3+ 81. Kc2 Nxc1 0-1

[Event "XIV C.to Italiano U20"]
[Site "Bratto - Castione della Presolana ITA"]
[Date "2006.08.25"]
[Round "7"]
[White "Dvirnyy, Danyyil"]
[Black "Vocaturo, Daniele"]
[Result "0-1"]
[WhiteElo "2280"]
[BlackElo "2410"]
[PlyCount "100"]
[EventDate "2006.08.19"]

1. e4 c5 2. Nf3 d6 3. d4 cxd4 4. Nxd4 Nf6 5. Nc3 a6 6. Bg5 e6 7. f4 Qc7 8. Qf3
b5 9. O-O-O b4 10. Nce2 Nbd7 11. Ng3 Bb7 12. Bd3 Be7 13. Nh5 Nxh5 14. Qxh5 g6
15. Qh4 Bxg5 16. Qxg5 Qc5 17. Nf3 Qxg5 18. Nxg5 Ke7 19. Rhe1 Rac8 20. g3 h6 21.
Nf3 g5 22. Kd2 Nb6 23. b3 Nd7 24. a3 bxa3 25. Ra1 Nc5 26. Nd4 gxf4 27. gxf4
Rhg8 28. Re2 Rg4 29. Ke3 e5 30. Nf5+ Kd7 31. fxe5 dxe5 32. Nxh6 Rf4 33. Rf2
Rxf2 34. Kxf2 Nxe4+ 35. Ke3 Nd6 36. Rxa3 Ke6 37. Ra4 Rh8 38. Rh4 Rc8 39. Rb4 a5
40. Rb6 Rc6 41. Rxc6 Bxc6 42. Ng4 f5 43. Nf2 f4+ 44. Ke2 e4 45. Ba6 Ke5 46. c3
f3+ 47. Kd2 Nf5 48. Ke1 Bd5 49. c4 Ba8 50. c5 Kd4 0-1

[Event "XIV C.to Italiano U20"]
[Site "Bratto - Castione della Presolana ITA"]
[Date "2006.08.25"]
[Round "7"]
[White "Finocchiaro, Gianluca"]
[Black "Puleo, Diego"]
[Result "1/2-1/2"]
[WhiteElo "1986"]
[BlackElo "1767"]
[PlyCount "126"]
[EventDate "2006.08.19"]

1. e4 e5 2. Nf3 d6 3. d4 exd4 4. Qxd4 Nc6 5. Bb5 Bd7 6. Bxc6 Bxc6 7. Nc3 Nf6 8.
Bf4 Be7 9. O-O-O a6 10. e5 Nh5 11. exd6 Bxf3 12. gxf3 Nxf4 13. dxe7 Qxd4 14.
Rxd4 Ne6 15. Re4 Kxe7 16. f4 Kf8 17. Rhe1 g6 18. f5 gxf5 19. Re5 Ng7 20. Nd5
Rc8 21. Nf6 Rd8 22. Rd1 Rxd1+ 23. Kxd1 Ne6 24. Rxf5 Kg7 25. c3 Rd8+ 26. Kc2 Kg6
27. Rf3 Ng5 28. Rf4 Rd6 29. Ne8 Rc6 30. h4 Ne6 31. Rf6+ Kh5 32. Rxf7 h6 33. f4
Kxh4 34. f5 Ng5 35. Rd7 Kg4 36. f6 h5 37. f7 Nh7 38. Nxc7 Rf6 39. Nd5 Rf2+ 40.
Kd3 h4 41. Ne3+ Kg3 42. f8=Q Nxf8 43. Rxb7 Rf4 44. Rg7+ Kf3 45. Rg1 Ne6 46.
Rf1+ Kg3 47. Nf5+ Kg2 48. Ne3+ Kh2 49. Rxf4 Nxf4+ 50. Ke4 Ng2 51. Nf5 h3 52. c4
Kg1 53. c5 h2 54. Ng3 Kf2 55. Nh1+ Kg1 56. Ng3 Nh4 57. c6 Ng6 58. c7 Ne7 59.
Kf3 Nc8 60. b4 Nb6 61. a4 Nc8 62. Ne2+ Kf1 63. Ng3+ Kg1 1/2-1/2

[Event "XIV C.to Italiano U20"]
[Site "Bratto - Castione della Presolana ITA"]
[Date "2006.08.25"]
[Round "7"]
[White "Fratino, Lorenzo"]
[Black "Bernardini, Luca"]
[Result "1/2-1/2"]
[WhiteElo "1901"]
[BlackElo "1826"]
[PlyCount "21"]
[EventDate "2006.08.19"]

1. f4 e5 2. fxe5 d6 3. exd6 Bxd6 4. Nf3 g5 5. g3 g4 6. Nh4 Nf6 7. Nc3 Nh5 8.
Ne4 Be5 9. d3 f5 10. Bg5 Qd5 11. Nf2 1/2-1/2

[Event "XIV C.to Italiano U20"]
[Site "Bratto - Castione della Presolana ITA"]
[Date "2006.08.25"]
[Round "7"]
[White "Gallucci, Alessio"]
[Black "Gilardi, Davide"]
[Result "1/2-1/2"]
[WhiteElo "1840"]
[BlackElo "1518"]
[PlyCount "58"]
[EventDate "2006.08.19"]

1. e4 c5 2. Nc3 e6 3. f4 a6 4. d4 cxd4 5. Qxd4 Nc6 6. Qd1 Bb4 7. Bd2 Nf6 8. Bd3
d5 9. exd5 Nxd5 10. Nxd5 Bxd2+ 11. Qxd2 Qxd5 12. Nf3 Qd8 13. O-O Qb6+ 14. Kh1
Qxb2 15. Ng5 h6 16. Ne4 Qd4 17. Rad1 f5 18. Ng3 O-O 19. Qe2 Qf6 20. Bc4 b5 21.
Bb3 Na5 22. Rd6 Nxb3 23. cxb3 Rd8 24. Nh5 Qe7 25. Rxd8+ Qxd8 26. Rd1 Qc7 27.
Qd2 Qf7 28. Ng3 Bb7 29. Nf1 Bd5 1/2-1/2

[Event "XIV C.to Italiano U20"]
[Site "Bratto - Castione della Presolana ITA"]
[Date "2006.08.25"]
[Round "7"]
[White "Lai, Luca"]
[Black "Andreoni, Giuseppe"]
[Result "1/2-1/2"]
[WhiteElo "1877"]
[BlackElo "2003"]
[PlyCount "20"]
[EventDate "2006.08.19"]

1. e4 c5 2. b4 cxb4 3. a3 d5 4. e5 d4 5. axb4 Nc6 6. f4 Qd5 7. d3 e6 8. Nf3
Bxb4+ 9. Bd2 Bxd2+ 10. Nbxd2 Nh6 1/2-1/2

[Event "XIV C.to Italiano U20"]
[Site "Bratto - Castione della Presolana ITA"]
[Date "2006.08.25"]
[Round "7"]
[White "Lapiccirella, Daniele"]
[Black "Locci, Damiano"]
[Result "1-0"]
[WhiteElo "2146"]
[BlackElo "1976"]
[PlyCount "119"]
[EventDate "2006.08.19"]

1. d4 d5 2. c4 c6 3. Nf3 Nf6 4. e3 e6 5. Bd3 dxc4 6. Bxc4 a6 7. a4 b6 8. O-O
Bb7 9. Nc3 Nbd7 10. e4 Bb4 11. e5 Nd5 12. Nxd5 cxd5 13. Bd3 Be7 14. Qe2 Nb8 15.
g3 Nc6 16. h4 h6 17. Bd2 Nb4 18. Bxb4 Bxb4 19. Rac1 Qd7 20. b3 Ke7 21. Nh2 Rhc8
22. f4 Rxc1 23. Rxc1 Rc8 24. Rc2 Rxc2 25. Qxc2 Qc8 26. Qxc8 Bxc8 27. Kf2 Bc3
28. Nf3 Kd7 29. g4 Kc6 30. g5 b5 31. axb5+ axb5 32. h5 b4 33. gxh6 gxh6 34. Ke3
Bb2 35. Nh2 Bc1+ 36. Kf3 Bb2 37. Ng4 Bxd4 38. Nxh6 f6 39. Nf7 Bc5 40. h6 Bf8
41. exf6 Bxh6 42. Nxh6 Kd7 43. Ke3 Kd6 44. Kd4 Bb7 45. f7 Ke7 46. Kc5 Bc8 47.
Kxb4 Bd7 48. Kc5 Bc8 49. b4 Bb7 50. b5 Ba8 51. Kb6 d4 52. Kc7 Bd5 53. b6 Bf3
54. b7 Bxb7 55. Kxb7 Kf8 56. Kc8 Ke7 57. Kc7 Kf8 58. Kd8 e5 59. fxe5 Kg7 60.
Ke7 1-0

[Event "XIV C.to Italiano U20"]
[Site "Bratto - Castione della Presolana ITA"]
[Date "2006.08.25"]
[Round "7"]
[White "Marazzi, Dominic"]
[Black "Romano, Zeno"]
[Result "1/2-1/2"]
[WhiteElo "1679"]
[BlackElo "1862"]
[PlyCount "41"]
[EventDate "2006.08.19"]

1. Nf3 d5 2. d4 Nf6 3. c4 e6 4. Nc3 Be7 5. Bf4 O-O 6. e3 b6 7. Rc1 dxc4 8. Bxc4
Bd6 9. Bxd6 cxd6 10. O-O Bb7 11. d5 e5 12. Nd2 Nbd7 13. Nde4 Qe7 14. Qe2 Nxe4
15. Nxe4 f5 16. Nc3 Nf6 17. f3 Rac8 18. e4 f4 19. Ba6 g5 20. Bxb7 Qxb7 21. Nb5
1/2-1/2

[Event "XIV C.to Italiano U20"]
[Site "Bratto - Castione della Presolana ITA"]
[Date "2006.08.25"]
[Round "7"]
[White "Paladino, Giovanni"]
[Black "Torrisi, Andrea"]
[Result "1/2-1/2"]
[WhiteElo "1760"]
[BlackElo "1917"]
[PlyCount "90"]
[EventDate "2006.08.19"]

1. e4 c5 2. Nf3 Nc6 3. d4 cxd4 4. Nxd4 Nf6 5. Nc3 e5 6. Nf3 Be7 7. Be3 d6 8.
Be2 O-O 9. O-O Ng4 10. Bc1 f5 11. Bc4+ Kh8 12. h3 fxe4 13. Nxe4 Nf6 14. Nc3 e4
15. Ng5 d5 16. Nxd5 Nxd5 17. Qxd5 Bxg5 18. Qxg5 Qxg5 19. Bxg5 Ne5 20. Bd5 Bxh3
21. Bxe4 Bg4 22. b3 Rac8 23. c4 b6 24. Rfe1 Rce8 25. Re3 Nd7 26. Rae1 Nc5 27.
Bc6 Rxe3 28. Rxe3 h6 29. Bh4 Na6 30. Re8 Rxe8 31. Bxe8 Bd1 32. Be7 Bc2 33. b4
Bd3 34. c5 bxc5 35. bxc5 Nc7 36. Bd7 Ba6 37. Bd6 Nd5 38. a4 Nf6 39. c6 Ne4 40.
Be7 Nc3 41. Bc5 Nxa4 42. Bxa7 Bb5 43. f3 Nc3 44. Kf2 Nd5 45. Bc5 Nf6 1/2-1/2

[Event "XIV C.to Italiano U20"]
[Site "Bratto - Castione della Presolana ITA"]
[Date "2006.08.25"]
[Round "7"]
[White "Palmitessa, Andrea"]
[Black "Mora, Lorenzo"]
[Result "1/2-1/2"]
[WhiteElo "1512"]
[BlackElo "1871"]
[PlyCount "106"]
[EventDate "2006.08.19"]

1. e4 e5 2. Nf3 Nc6 3. Nc3 Nf6 4. Bc4 Bc5 5. d3 d6 6. h3 Be6 7. Bb3 Qe7 8. Be3
Bb6 9. O-O h5 10. Bg5 Qd7 11. Bxe6 fxe6 12. Nh4 Qf7 13. Na4 Nh7 14. Nxb6 axb6
15. Qd2 Nxg5 16. Qxg5 Qf6 17. Qxf6 gxf6 18. f4 Kf7 19. fxe5 Nxe5 20. a3 b5 21.
Nf3 Nxf3+ 22. gxf3 f5 23. f4 Kf6 24. Kf2 Rhg8 25. Rg1 c5 26. Rxg8 Rxg8 27. Re1
e5 28. fxe5+ dxe5 29. exf5 Kxf5 30. Re3 Rg7 31. Rf3+ Ke6 32. Rg3 Rxg3 33. Kxg3
Kd5 34. Kf3 Kd4 35. Ke2 c4 36. c3+ Kd5 37. Ke3 cxd3 38. Kxd3 e4+ 39. Ke3 Ke5
40. b3 b6 41. c4 bxc4 42. bxc4 h4 43. a4 Kd6 44. Kxe4 Kc5 45. Kd3 Kb4 46. Kd4
Kxa4 47. c5 bxc5+ 48. Kxc5 Ka5 49. Kd5 Kb5 50. Ke5 Kc5 51. Kf5 Kd5 52. Kg5 Ke5
53. Kxh4 Kf6 1/2-1/2

[Event "XIV C.to Italiano U20"]
[Site "Bratto - Castione della Presolana ITA"]
[Date "2006.08.25"]
[Round "7"]
[White "Parodi, Alessandro"]
[Black "Popa, Dragos"]
[Result "1/2-1/2"]
[WhiteElo "1918"]
[BlackElo "1703"]
[PlyCount "55"]
[EventDate "2006.08.19"]

1. d4 Nf6 2. c4 g6 3. Nc3 Bg7 4. e4 d6 5. f3 Nbd7 6. Be3 e5 7. d5 O-O 8. Qd2 a5
9. O-O-O b6 10. Be2 Nc5 11. h4 Ne8 12. g4 c6 13. Nh3 Qc7 14. Rdg1 Bd7 15. Nf2
Bh8 16. f4 exf4 17. Bxf4 Ng7 18. Bd3 a4 19. Bh6 Nxd3+ 20. Nxd3 Rab8 21. g5 f5
22. exf5 Rxf5 23. Bxg7 Bxg7 24. h5 Rbf8 25. hxg6 hxg6 26. Rh2 Rf1+ 27. Rxf1
Rxf1+ 28. Kc2 1/2-1/2

[Event "XIV C.to Italiano U20"]
[Site "Bratto - Castione della Presolana ITA"]
[Date "2006.08.25"]
[Round "7"]
[White "Pulcini, Giorgio"]
[Black "Cozzarin, Davide"]
[Result "0-1"]
[WhiteElo "1659"]
[BlackElo "2062"]
[PlyCount "140"]
[EventDate "2006.08.19"]

1. e4 e6 2. d4 d5 3. exd5 exd5 4. Nc3 Nf6 5. Bg5 c6 6. Qe2+ Be6 7. f4 Be7 8.
Bxf6 gxf6 9. O-O-O Qc7 10. g3 Qd7 11. Re1 Na6 12. Qe3 Nc7 13. Bh3 Bxh3 14. Nxh3
Qe6 15. Nf2 f5 16. Qe5 O-O-O 17. Qxh8 Rxh8 18. Rxe6 fxe6 19. Nd3 h5 20. h4 Rg8
21. Rg1 Bxh4 22. Rh1 Bd8 23. Ne2 Rh8 24. Ne5 Rh7 25. g4 fxg4 26. Ng3 h4 27. Ne2
Rg7 28. Kd2 Nb5 29. Ke3 Nd6 30. Nc3 Nf5+ 31. Kf2 Nxd4 32. Na4 Nf5 33. Nc5 Bb6
34. Ned3 Kc7 35. Ke1 Bxc5 36. Nxc5 Kd6 37. Nd3 g3 38. Kf1 g2+ 39. Kg1 gxh1=Q+
40. Kxh1 h3 41. Kh2 Rg2+ 42. Kxh3 Rxc2 43. Ne5 Rxb2 44. Nf7+ Ke7 45. Ng5 Rxa2
46. Nf3 Ra3 47. Kg4 Kf6 48. Ne5 Rg3+ 49. Kh5 Rh3+ 50. Kg4 Rh4+ 51. Kf3 Nd4+ 52.
Kg3 Rxf4 53. Kxf4 Ne2+ 54. Ke3 Kxe5 55. Kxe2 Kd4 56. Kd2 e5 57. Kc2 e4 58. Kd2
e3+ 59. Ke2 Ke4 60. Kd1 d4 61. Ke1 d3 62. Kd1 c5 63. Ke1 c4 64. Kd1 c3 65. Kc1
e2 66. Kb1 e1=Q+ 67. Ka2 Kd4 68. Kb3 Qb1+ 69. Ka4 Kc4 70. Ka5 Qb4# 0-1

[Event "XIV C.to Italiano U20"]
[Site "Bratto - Castione della Presolana ITA"]
[Date "2006.08.25"]
[Round "7"]
[White "Rombaldoni, Brian"]
[Black "Bartoli, Fabio"]
[Result "1-0"]
[WhiteElo "1704"]
[BlackElo "1572"]
[PlyCount "89"]
[EventDate "2006.08.19"]

1. d4 d5 2. Nf3 Nf6 3. Bf4 Bf5 4. e3 e6 5. Bd3 Bg6 6. c3 Nbd7 7. O-O Be7 8.
Bxg6 hxg6 9. Nbd2 Nh5 10. Qc2 Nxf4 11. exf4 c6 12. Rae1 Qc7 13. Ne5 Nxe5 14.
fxe5 g5 15. f4 c5 16. Qa4+ Kd8 17. fxg5 Bxg5 18. Nf3 Bh4 19. g3 Be7 20. Kg2 Qc6
21. Qb3 a5 22. Qd1 Qb5 23. Rf2 Qe8 24. Ng1 Qg8 25. Qf3 Qh7 26. h3 Rf8 27. Qe2
c4 28. Ref1 Qg6 29. Rf3 b5 30. Qf2 Ke8 31. Ne2 Bg5 32. Kh2 Ra7 33. h4 Rh8 34.
Ng1 Bd8 35. Nh3 Rf8 36. Nf4 Qh6 37. Nh3 g5 38. Qd2 Rh8 39. Rf6 Bxf6 40. Rxf6
Qh5 41. Nxg5 Rh6 42. Nxe6 fxe6 43. Qxh6 Qxh6 44. Rxh6 b4 45. Rh8+ 1-0

[Event "XIV C.to Italiano U20"]
[Site "Bratto - Castione della Presolana ITA"]
[Date "2006.08.25"]
[Round "7"]
[White "Rombaldoni, Denis"]
[Black "Manconi, Antonio"]
[Result "1-0"]
[WhiteElo "2348"]
[BlackElo "2023"]
[PlyCount "71"]
[EventDate "2006.08.19"]

1. d4 Nf6 2. c4 g6 3. Nc3 Bg7 4. Bg5 d6 5. Nf3 O-O 6. e3 c5 7. Be2 h6 8. Bh4 g5
9. Bg3 Nh5 10. Qc2 Nxg3 11. hxg3 f5 12. O-O-O Qe8 13. d5 Na6 14. a3 Qf7 15. Bd3
Qf6 16. Nd2 Nc7 17. f4 a6 18. Rh5 Qf7 19. Rdh1 g4 20. Na4 b5 21. Nb6 Rb8 22.
Nxc8 bxc4 23. Nxc4 Nxd5 24. Rxf5 Qe6 25. Rxd5 Rfxc8 26. Bh7+ Kh8 27. Qf5 Bxb2+
28. Kc2 Qf6 29. Qxf6+ Bxf6 30. Bf5 Re8 31. Rxh6+ Kg7 32. Rg6+ Kf7 33. Rxg4 Rg8
34. Rxg8 Rxg8 35. Be4 Rxg3 36. Bf3 1-0

[Event "XIV C.to Italiano U20"]
[Site "Bratto - Castione della Presolana ITA"]
[Date "2006.08.25"]
[Round "7"]
[White "Sala, Giovanni"]
[Black "Bellemo, Davide"]
[Result "0-1"]
[WhiteElo "1968"]
[BlackElo "2093"]
[PlyCount "70"]
[EventDate "2006.08.19"]

1. e4 e5 2. Nf3 Nc6 3. Bc4 Bc5 4. c3 Nf6 5. d4 exd4 6. cxd4 Bb4+ 7. Bd2 Bxd2+
8. Nbxd2 d5 9. exd5 Nxd5 10. Qb3 Nce7 11. O-O O-O 12. Rfe1 c6 13. a4 a5 14. Ne5
Qb6 15. Qxb6 Nxb6 16. Bb3 Nbd5 17. Ne4 Rd8 18. Rac1 Kf8 19. h3 Nf5 20. Nf3 Nf4
21. Rcd1 Be6 22. Bxe6 Nxe6 23. Nc5 Nfxd4 24. Nxb7 Rd7 25. Nxd4 Nxd4 26. Nc5 Rd5
27. Rc1 Rb8 28. b3 g6 29. Re3 Rbd8 30. Rcc3 R8d6 31. g3 Nf5 32. Red3 Rxc5 33.
Rxc5 Rxd3 34. Rxa5 Rxb3 35. Rc5 Ne7 0-1

[Event "XIV C.to Italiano U20"]
[Site "Bratto - Castione della Presolana ITA"]
[Date "2006.08.25"]
[Round "7"]
[White "Stella, Andrea"]
[Black "Stromboli, Ettore"]
[Result "0-1"]
[WhiteElo "2120"]
[BlackElo "2224"]
[PlyCount "71"]
[EventDate "2006.08.19"]

1. e4 e6 2. d4 d5 3. Nc3 Bb4 4. e5 c5 5. a3 Bxc3+ 6. bxc3 Ne7 7. Qg4 Qc7 8.
Qxg7 Rg8 9. Qxh7 cxd4 10. Ne2 Nbc6 11. f4 Bd7 12. Qd3 dxc3 13. Qxc3 O-O-O 14.
Rb1 Nf5 15. Bd2 d4 16. Qc5 Be8 17. Nc1 f6 18. Bc4 Bf7 19. O-O fxe5 20. fxe5
Qxe5 21. Qxe5 Nxe5 22. Bb3 Rg7 23. Bf4 Ng4 24. Nd3 Nge3 25. Rf2 Nd5 26. Be5 Rg4
27. Nc5 b6 28. h3 Rg6 29. Ne4 Be8 30. Rd1 Nde3 31. Rdd2 Bc6 32. Nf6 Nd5 33.
Nxd5 Bxd5 34. c4 Bc6 35. Kh2 d3 36. g4 0-1

[Event "XIV C.to Italiano U20"]
[Site "Bratto - Castione della Presolana ITA"]
[Date "2006.08.25"]
[Round "7"]
[White "Taglione, Stefano"]
[Black "Coladangelo, Andrea"]
[Result "1-0"]
[WhiteElo "1667"]
[BlackElo "1548"]
[PlyCount "57"]
[EventDate "2006.08.19"]

1. e4 c5 2. Nf3 d6 3. d4 cxd4 4. Nxd4 Nf6 5. Nc3 a6 6. Be2 e5 7. Nb3 Be6 8. Be3
Nbd7 9. O-O b5 10. a3 Nb6 11. Bxb6 Qxb6 12. Qd2 Be7 13. Kh1 O-O 14. f4 Rfd8 15.
f5 Bd7 16. g4 Bc6 17. Bf3 Qb7 18. Nd5 Nxd5 19. exd5 Bd7 20. Na5 Qc7 21. Nc6
Bxc6 22. dxc6 Rac8 23. Bd5 a5 24. g5 Kh8 25. f6 gxf6 26. gxf6 Bf8 27. Rg1 Be7
28. Qh6 Rg8 29. Be4 1-0

[Event "XIV C.to Italiano U20"]
[Site "Bratto - Castione della Presolana ITA"]
[Date "2006.08.25"]
[Round "7"]
[White "Valsecchi, Alessio"]
[Black "Fossati, Remigio"]
[Result "1-0"]
[WhiteElo "2004"]
[BlackElo "2203"]
[PlyCount "119"]
[EventDate "2006.08.19"]

1. e4 c5 2. Nf3 d6 3. d4 cxd4 4. Nxd4 Nf6 5. Nc3 a6 6. Bc4 e6 7. Bb3 Be7 8. Be3
b5 9. f3 O-O 10. Qd2 Bb7 11. g4 Nc6 12. O-O-O Nd7 13. h4 Nc5 14. Nxc6 Bxc6 15.
Bg5 a5 16. Bxe7 Qxe7 17. Qxd6 Qxd6 18. Rxd6 Rfc8 19. Rxc6 Rxc6 20. Nxb5 a4 21.
Bc4 Nxe4 22. Na3 Nd6 23. Bd3 h5 24. Re1 hxg4 25. fxg4 Re8 26. Nb5 e5 27. Nxd6
Rxd6 28. Re4 Rd4 29. Kd2 Red8 30. Ke3 f6 31. h5 Kf8 32. b3 axb3 33. axb3 Ke7
34. Be2 Rxe4+ 35. Kxe4 Rd2 36. Bd3 Rf2 37. Ke3 Rf4 38. Be2 Kd6 39. c3 Kc5 40.
b4+ Kd6 41. c4 Rd4 42. c5+ Kc6 43. Bf3+ Kb5 44. Be2+ Kxb4 45. c6 Rd6 46. Bf3
Rd8 47. g5 f5 48. h6 gxh6 49. gxh6 Kc5 50. c7 Rc8 51. h7 Kb6 52. Bd5 Rh8 53.
Be6 f4+ 54. Ke4 Kxc7 55. Bf5 Kd6 56. Kd3 Ke7 57. Be4 Kf6 58. Kc4 Rd8 59. Bd5
Rxd5 60. h8=Q+ 1-0

[Event "XIV C.to Italiano U20"]
[Site "Bratto - Castione della Presolana ITA"]
[Date "2006.08.25"]
[Round "7"]
[White "Zermian, Federico"]
[Black "Battistelli, Alessandro"]
[Result "0-1"]
[WhiteElo "1560"]
[BlackElo "1872"]
[PlyCount "87"]
[EventDate "2006.08.19"]

1. e4 e6 2. d4 d5 3. exd5 exd5 4. Nf3 Bg4 5. Be2 Nd7 6. h3 Bh5 7. Ne5 Bxe2 8.
Qxe2 Nxe5 9. Qxe5+ Qe7 10. Qxe7+ Bxe7 11. O-O O-O-O 12. b3 Nf6 13. Bb2 Rhe8 14.
c4 c6 15. a4 dxc4 16. bxc4 Bb4 17. Ra2 Re2 18. Rd1 Rde8 19. Rf1 Rc2 20. d5 Ree2
21. Ba3 Rxa2 22. Bxb4 Rab2 23. Nc3 Rec2 24. Ba3 Rb3 25. Nb1 Ne4 26. Re1 Nf6 27.
g4 Ra2 28. Bd6 Ra1 29. Re7 Rbxb1+ 30. Kg2 Rg1+ 31. Kf3 Rab1 32. c5 Rb3+ 33. Ke2
Rh1 34. g5 Rb2+ 35. Kf3 Nxd5 36. Rxf7 Rb3+ 37. Kg4 h5+ 38. Kxh5 Rbxh3+ 39. Kg6
Rf3 40. Rxg7 Rxf2 41. Rg8+ Kd7 42. Rg7+ Ke6 43. Rxb7 Nf4+ 44. Kg7 0-1

[Event "XIV C.to Italiano U20"]
[Site "Bratto - Castione della Presolana ITA"]
[Date "2006.08.26"]
[Round "8"]
[White "Andreoni, Giuseppe"]
[Black "Cantu', Guido"]
[Result "1-0"]
[WhiteElo "2003"]
[BlackElo "1842"]
[PlyCount "53"]
[EventDate "2006.08.19"]

1. d3 d5 2. d4 c5 3. c3 Nc6 4. Nf3 cxd4 5. cxd4 Nf6 6. Nc3 Bg4 7. Qb3 Bxf3 8.
exf3 Nxd4 9. Qxb7 Rb8 10. Qxa7 Nc2+ 11. Kd1 Nxa1 12. Bb5+ Rxb5 13. Nxb5 e5 14.
Re1 Be7 15. Rxe5 Qd7 16. Qa8+ Qd8 17. Rxe7+ Kxe7 18. Qa3+ Ke8 19. Nd6+ Kf8 20.
Nf5+ Ke8 21. Bf4 Rg8 22. Qe3+ Ne4 23. fxe4 dxe4+ 24. Nd6+ Kf8 25. Qa7 Qf6 26.
Qd7 g5 27. Be5 1-0